[Event "24th ECC"]
[Site "Kallithea GRE"]
[Date "2008.10.23"]
[Round "7"]
[White "Cabezas Ayala,I"]
[Black "Dizdar,G"]
[Result "1/2-1/2"]
[WhiteElo "2374"]
[BlackElo "2551"]

1.e4 e6 2.d4 d5 3.Nc3 Bb4 4.e5 b6 5.a3 Bf8 6.Nf3 c5 7.Bb5+ Bd7 8.Bd3 Nc6
9.O-O Nge7 10.Bg5 Qb8 11.h4 Nxd4 12.Nxd4 cxd4 13.Nb5 Nf5 14.Qg4 h6 15.Bd2 h5
16.Qf4 g6 17.Bb4 a5 18.Bxf8 Bxb5 19.Bxb5+ Kxf8 20.Bd3 Qd8 21.g3 Rc8 22.Rfe1 Kg7
23.Rad1 Qe7 24.Re2 Rhg8 25.Qf3 Kh6 26.Qf4+ Kh7 27.Qf3 Kh6 28.Qf4+ Kh7 29.Qf3 Kh6
30.Qf4+ Kg7  1/2-1/2

[Event "LiraH Autumn"]
[Site "Lichtenrade GER"]
[Date "2008.10.24"]
[Round "7"]
[White "Kropman,A"]
[Black "Schulz,Petra"]
[Result "0-1"]
[WhiteElo "1960"]
[BlackElo "2101"]

1.e4 e6 2.d4 d5 3.Nc3 Bb4 4.e5 Ne7 5.a3 Bxc3+ 6.bxc3 c5 7.Nf3 Nbc6 8.Bd3 Qa5
9.Bd2 Qa4 10.dxc5 Qa5 11.O-O Qxc5 12.Re1 a6 13.Ng5 Ng6 14.Qh5 Ncxe5 15.Rxe5 Nxe5
16.Nxh7 Nxd3 17.Nf6+ Ke7 18.Qxh8 Qxf2+ 19.Kh1 gxf6 20.Bh6 Ne1 21.Qf8+ Kd7
22.Qxf7+ Kc6  0-1

[Event "WYCC Boys U18"]
[Site "Vung Tau City VIE"]
[Date "2008.10.26"]
[Round "7"]
[White "Poetz,F"]
[Black "Marais,C"]
[Result "1-0"]
[WhiteElo "2255"]
[BlackElo "1965"]

1.e4 e6 2.d4 d5 3.Nc3 Bb4 4.e5 Ne7 5.a3 Bxc3+ 6.bxc3 c5 7.Qg4 Kf8 8.Bd2 Nbc6
9.Nf3 Bd7 10.dxc5 Ng6 11.Qg3 Qc7 12.Be2 Ngxe5 13.Nd4 Qd8 14.O-O f6 15.Rfe1 Nf7
16.Bg4 f5 17.Bf3 e5 18.Nxc6 bxc6 19.Be2 f4 20.Qd3 Ng5 21.c4 Be6 22.cxd5 cxd5
23.Qa6 Bf5 24.Ba5 Qf6 25.Qb7 Rc8 26.Qxd5 Be6 27.Qd6+ Kg8 28.f3 e4 29.fxe4 Nxe4
30.Qd3 Nxc5 31.Qc3 Qxc3 32.Bxc3 h6 33.Be5 Bf5 34.Bxf4 Bxc2 35.Bg4 Ra8 36.Re7 Kh7
37.Rc1 Rhe8 38.Rxe8 Rxe8 39.Rxc2 Re1+ 40.Kf2 Nd3+ 41.Kg3  1-0

[Event "WYCC Boys U18"]
[Site "Vung Tau City VIE"]
[Date "2008.10.28"]
[Round "9"]
[White "Dang The Nam"]
[Black "Marais,C"]
[Result "1-0"]
[WhiteElo "2142"]
[BlackElo "1965"]

1.e4 e6 2.d4 d5 3.Nc3 Bb4 4.e5 Ne7 5.a3 Bxc3+ 6.bxc3 c5 7.Qg4 Kf8 8.Bd2 Qc7
9.Bd3 Nbc6 10.Nf3 c4 11.Be2 Bd7 12.h4 h6 13.h5 Nd8 14.Qf4 Ba4 15.Kd1 Nc8
16.g4 Qe7 17.Nh4 Ke8 18.Qg3 Kd7 19.f4 Nb6 20.f5 Kc8 21.g5 Be8 22.gxh6 gxh6
23.Qg7 Qf8 24.Bxh6 Qxg7 25.Bxg7 Rh7 26.f6 Na4 27.Kd2  1-0

[Event "ch-BRA s/f"]
[Site "Dois Irmaos BRA"]
[Date "2008.11.01"]
[Round "6"]
[White "Macedo,MIa"]
[Black "Name,G"]
[Result "1-0"]
[WhiteElo "2264"]
[BlackElo "2235"]

1.d4 e6 2.e4 d5 3.Nc3 Bb4 4.e5 b6 5.Qg4 Bf8 6.Bg5 Qd7 7.Nf3 Ba6 8.Bxa6 Nxa6
9.O-O h6 10.Bd2 Ne7 11.a3 Nf5 12.b4 c5 13.dxc5 bxc5 14.b5 Nc7 15.a4 Be7 16.Qh3 Bd8
17.Bc1 O-O 18.Ba3 Be7 19.Ne2 f6 20.exf6 gxf6 21.g4 Ng7 22.Qxh6 e5 23.Qg6 Bd6
24.Ng3 Qe8 25.Qh6 Nce6 26.Nh4 Rf7 27.Rad1 Nf4 28.Ng6 Nxg6 29.Qxg6 Qe6 30.Nf5 Rd7
31.Rd3 Qe8 32.Qxf6 Nxf5 33.gxf5 e4 34.Kh1 Rg7 35.Rxd5 Qh5 36.Qxg7+ Kxg7 37.f6+ Kg6
38.Rg1+ Kh6 39.Bc1+  1-0

[Event "ch-BRA s/f"]
[Site "Dois Irmaos BRA"]
[Date "2008.11.01"]
[Round "6"]
[White "Santiago,Y"]
[Black "Cavalcanti,F"]
[Result "0-1"]
[WhiteElo "2249"]
[BlackElo "2271"]

1.e4 e6 2.d4 d5 3.Nc3 Bb4 4.e5 b6 5.a3 Bf8 6.Nf3 Ne7 7.Bf4 Qd7 8.Qd2 Ba6
9.Bxa6 Nxa6 10.O-O c5 11.Ne2 Nc7 12.Rfc1 Nc6 13.dxc5 bxc5 14.c4 Be7 15.cxd5 exd5
16.b4 c4 17.Ned4 Nxd4 18.Nxd4 O-O 19.Be3 f6 20.Bf4 Rad8 21.Re1 fxe5 22.Bxe5 Bf6
23.Bxc7 Qxc7 24.Ne6 Qc6 25.Nxd8 Rxd8 26.Rac1 h6 27.Qe2 c3 28.Qd3 a6 29.Red1 d4
30.Rc2 Qe6 31.Rb1 Re8 32.Kf1 Qe5 33.Re2 Qb8 34.Rxe8+ Qxe8 35.Ra1 Qe5 36.h3 Qh2
37.Ke2 Qxg2 38.a4 Qd5 39.b5 a5 40.Rc1 Bg5 41.Rc2 Bf4 42.b6 Qe6+ 43.Kf3 Be5
44.b7 Qf7+ 45.Ke4 Qg6+ 46.Kxe5 Qxd3 47.b8=Q+ Kh7 48.Qb1  0-1

[Event "21st Belgrade Trophy"]
[Site "Obrenovac SRB"]
[Date "2008.11.04"]
[Round "8"]
[White "Chirila,I"]
[Black "Cabrilo,G"]
[Result "1/2-1/2"]
[WhiteElo "2462"]
[BlackElo "2500"]

1.e4 e6 2.d4 d5 3.Nc3 Bb4 4.e5 Qd7 5.Nf3 b6 6.a3 Bxc3+ 7.bxc3 Ne7 8.a4 Ba6
9.Bxa6 Nxa6 10.Ba3 Nb8 11.O-O Nbc6 12.Qe2 Na5 13.Nd2 Nf5 14.f4 h5 15.g3 Qc6
16.Bb4 Nc4 17.Nxc4 Qxc4 18.Qxc4 dxc4 19.Kf2 a5 20.Ba3 Kd7 21.h3 Rh7 22.Rad1 c6
23.Rb1 Rb8 24.Rb2 h4 25.g4 Ng3 26.Rfb1 Ne4+ 27.Ke1 Nxc3 28.Bd6 Nxb1 29.Bxb8 Nc3
30.Rxb6 Nd5 31.Rb2 Nxf4 32.Bd6  1/2-1/2

[Event "21st Belgrade Trophy"]
[Site "Obrenovac SRB"]
[Date "2008.11.05"]
[Round "9"]
[White "Sarenac,I"]
[Black "Maksimovic,Br"]
[Result "0-1"]
[WhiteElo "2286"]
[BlackElo "2418"]

1.e4 e6 2.d4 d5 3.Nc3 Bb4 4.e5 Qd7 5.a3 Bxc3+ 6.bxc3 b6 7.Qg4 f5 8.Qg3 Ba6
9.Bxa6 Nxa6 10.Nh3 Nb8 11.Nf4 Nc6 12.O-O Na5 13.Nxe6 Qxe6 14.Qxg7 O-O-O 15.Qxh8 Qg6
16.f4 Nc4 17.Rf3 Nh6 18.Qf6 Qxf6 19.exf6 Ng4 20.f7 Rf8 21.h3 Nf6 22.Rg3 Rxf7
23.Rg5 Ne4 24.Rg8+ Kd7 25.g4 Nxc3 26.Kf2 c5 27.dxc5 bxc5 28.g5 Re7 29.h4 d4
30.h5 Re2+ 31.Kf1 Rxc2 32.Rg7+ Ke6 33.Rxh7 d3 34.h6 d2 35.Bxd2 Nxd2+ 36.Kf2 Nde4+
37.Ke3 Nd5+ 38.Kd3 Rc3+ 39.Ke2 Nxf4+ 40.Kd1 Nxg5 41.Rxa7 Rh3 42.Kc2 Nf3 43.Kb3 Nd5
44.h7  0-1

[Event "38th Olympiad"]
[Site "Dresden GER"]
[Date "2008.11.23"]
[Round "10"]
[White "Chang,E1"]
[Black "Gongora Montes,B"]
[Result "0-1"]
[WhiteElo "2056"]
[BlackElo "2281"]

1.e4 e6 2.d4 d5 3.Nc3 Bb4 4.e5 Ne7 5.a3 Bxc3+ 6.bxc3 c5 7.Qg4 O-O 8.Bd3 Nbc6
9.Nf3 f5 10.exf6 Rxf6 11.Qh5 g6 12.Qh6 Nf5 13.Bxf5 Rxf5 14.O-O Bd7 15.Re1 Qe7
16.Bg5 Qg7 17.Qh4 cxd4 18.cxd4 Rxf3 19.gxf3 Nxd4 20.Kg2 Nxc2 21.Bf6 Qf7 22.Bb2 Rf8
23.Qg3 d4 24.Rad1 Nxe1+ 25.Rxe1 Bc6 26.Bxd4 Qxf3+ 27.Qxf3 Rxf3 28.Kf1 Rd3
29.Bxa7 Rxa3 30.Bc5 Rc3 31.Bd4 Rc4 32.Bb6 Kf7 33.Rb1 Kf6 34.Ke2 Kf5 35.Rb3 Rh4
36.Bc7 b5 37.Bd6 Rd4 38.Bc7 Ra4 39.Bd6 Ra2+ 40.Ke3 Ra4 41.Ke2 Re4+ 42.Kf1 Rd4
43.Bc7 g5 44.Ke2 g4 45.Bb6 Rc4 46.Ba7 b4 47.Be3 Ba4 48.Rb1 Ke4 49.Bd2 b3
50.Rb2 Rc5 51.Bb4 Rh5 52.Bd6 Bb5+ 53.Ke1 Bc4 54.Bg3 Kd3 55.Kd1 Kc3 56.Kc1 Ra5  0-1

[Event "15th It"]
[Site "Tuzla BIH"]
[Date "2008.11.23"]
[Round "3"]
[White "Nezirovic,O"]
[Black "Karahmetovic,A"]
[Result "0-1"]
[WhiteElo "2131"]
[BlackElo "2300"]

1.e4 e6 2.d4 d5 3.Nc3 Bb4 4.e5 Ne7 5.a3 Bxc3+ 6.bxc3 c5 7.Qg4 O-O 8.Bd3 f5
9.exf6 Rxf6 10.Bg5 Rf7 11.Qh4 h6 12.Bxe7 Rxe7 13.Qh5 Nd7 14.Nf3 Nf6 15.Qh4 Qa5
16.Kd2 Bd7 17.Rab1 Be8 18.Rhe1 c4 19.Bf5 Bf7 20.g4 Rae8 21.g5 hxg5 22.Bh7+ Nxh7
23.Nxg5 Nxg5 24.Qxg5 Kf8 25.Rg1 Bg8 26.Qf4+ Rf7 27.Qd6+ Rfe7 28.Qf4+ Bf7
29.Qg5 Rd7 30.Qxg7+ Ke7 31.Qg5+ Kd6 32.Qe5+ Kc6 33.Rb4 b6 34.Rg7 Qxa3 35.Qf6 a5
36.Rb1 Qe7 37.Qe5 a4 38.Rgg1 Bg8 39.Rb4 Qd6 40.Qh5 Qf4+ 41.Ke1 Rf7 42.f3 Qf5
43.Qxf5 Rxf5 44.Rxa4 Bf7 45.Ra7 Bh5 46.Rgg7 Bxf3 47.Kd2 Rc8 48.Rg6 Rc7 49.Ra8 Re7
50.Rgg8 Rff7 51.Kc1 Be4 52.Rgc8+ Rc7 53.Re8 Rf1+ 54.Kb2 Bf5 55.Reb8 Rf2 56.Ra6 Rxc2+
57.Ka3 Rxc3+ 58.Kb4 Rb3+ 59.Ka4 Rb1  0-1

[Event "15th It"]
[Site "Tuzla BIH"]
[Date "2008.11.23"]
[Round "3"]
[White "Mujic,H"]
[Black "Sprecic,M"]
[Result "0-1"]
[WhiteElo "2309"]
[BlackElo "2276"]

1.e4 e6 2.d4 d5 3.Nc3 Bb4 4.e5 Ne7 5.a3 Bxc3+ 6.bxc3 c5 7.Nf3 Nbc6 8.a4 Qa5
9.Bd2 c4 10.Be2 Bd7 11.O-O Nc8 12.Ng5 h6 13.Nh3 Nb6 14.Nf4 O-O-O 15.Nh5 g6
16.Nf6 Nxa4 17.Qc1 b5 18.Rd1 Qc7 19.Rxa4 bxa4 20.Bxh6 Qa5 21.Bg7 Qxc3 22.Qe3 Qb2
23.c3 Na5 24.Bxh8 Rxh8 25.Qd2 Qxd2 26.Rxd2 Nb3 27.Ra2 Bc6 28.Bd1 Kc7 29.g4 g5
30.Kg2 a5 31.f4 gxf4 32.Nh5 Nc1 33.Ra1 Nd3 34.Kf3 f5 35.exf6 e5 36.dxe5 d4+
37.Ke2 f3+ 38.Kd2 Nxe5 39.h3 f2 40.Be2 d3 41.Bf1 Re8 42.Rd1 a3 43.Kc1 Ba4
44.Ng7 Bxd1 45.Nxe8+ Kd8  0-1

[Event "Snowdrops vs Old-hands"]
[Site "Marianske Lazne CZE"]
[Date "2008.11.29"]
[Round "1"]
[White "Nemcova,Kat"]
[Black "Hort,V"]
[Result "0-1"]
[WhiteElo "2369"]
[BlackElo "2478"]

1.e4 e6 2.d4 d5 3.Nc3 Bb4 4.e5 Qd7 5.a3 Bf8 6.Nf3 b6 7.Bd3 Ba6 8.O-O Ne7
9.Bxa6 Nxa6 10.Qd3 Nb8 11.Ne2 Nbc6 12.Bd2 g6 13.Rac1 Bg7 14.c4 O-O 15.cxd5 Nxd5
16.Ng3 Nde7 17.Qc4 Rfc8 18.Bg5 Na5 19.Qe2 Nd5 20.Ne4 c5 21.dxc5 Nb3 22.Rcd1 Nxc5
23.Nd6 Rc7 24.Nd4 a6 25.Nc4 Qa4 26.Nd6 h6 27.Bc1 Rd8 28.f4 Nb7 29.Ne4 Nc5
30.Nd6 Nb7 31.Nxb7 Rxb7 32.b3 Qa5 33.Bb2 Rbd7 34.b4 Qa4 35.Rc1 Ne7 36.Qf2 a5
37.Qc2 Qxc2 38.Nxc2 Rd3 39.bxa5 bxa5 40.a4 Rb8 41.Ba3 Nd5 42.Bd6 Rb2 43.g3 Ra2
44.Ne1 Rdd2 45.Nf3 Rg2+ 46.Kh1 Rge2 47.Ra1 Ne3 48.Rfc1 Rf2 49.Rxa2 Rxa2 50.Nd4 Rxa4
51.Nb5 Ra2 52.Bc5 Nd5 53.Ba3 g5 54.Rc8+ Kh7 55.Bc1 gxf4 56.gxf4 a4 57.Nd6 Kg6
58.Rc4 a3 59.Nb5 Bf8 60.Bxa3 Bxa3  0-1

[Event "Snowdrops vs Old-hands"]
[Site "Marianske Lazne CZE"]
[Date "2008.12.01"]
[Round "3"]
[White "Nemcova,Kat"]
[Black "Uhlmann,W"]
[Result "1-0"]
[WhiteElo "2369"]
[BlackElo "2417"]

1.e4 e6 2.d4 d5 3.Nc3 Bb4 4.e5 Ne7 5.a3 Bxc3+ 6.bxc3 c5 7.Qg4 Qa5 8.Bd2 O-O
9.Bd3 Nbc6 10.Nf3 f5 11.exf6 Rxf6 12.Qh5 Nf5 13.c4 Qc7 14.dxc5 Ne5 15.O-O g6
16.Qh3 dxc4 17.Nxe5 Qxe5 18.Bxc4 Qxc5 19.Qc3 Qf8 20.Rad1 h6 21.Bc1 Kh7 22.Rfe1 Rf7
23.Bxe6 Bxe6 24.Rxe6 Rd8 25.Rxd8 Qxd8 26.Bb2 Rc7 27.Qe1 Rd7 28.Bf6 Qc7 29.c3 Qc5
30.Re8 Ng7 31.Rh8+ Kxh8 32.Qe8+ Kh7 33.Qxd7 Qf8 34.Bd4 Kg8 35.Qxg7+ Qxg7
36.Bxg7 Kxg7 37.f4 Kf6 38.Kf2 Ke6 39.c4 h5 40.g3 Kd6 41.Ke3 Kc5 42.Kd3 b5
43.cxb5 Kxb5 44.h3  1-0

[Event "Snowdrops vs Old-hands"]
[Site "Marianske Lazne CZE"]
[Date "2008.12.04"]
[Round "6"]
[White "Jackova,J"]
[Black "Uhlmann,W"]
[Result "1-0"]
[WhiteElo "2360"]
[BlackElo "2417"]

1.e4 e6 2.d4 d5 3.Nc3 Bb4 4.e5 Ne7 5.a3 Bxc3+ 6.bxc3 c5 7.Qg4 Qc7 8.Bd3 cxd4
9.Ne2 dxc3 10.Qxg7 Rg8 11.Qxh7 Nbc6 12.Bf4 Bd7 13.O-O O-O-O 14.Bg3 d4 15.Rfe1 Qa5
16.Qxf7 Rdf8 17.Qh7 Rh8 18.Qg7 Rhg8 19.Qh6 Rh8 20.Qc1 Nf5 21.Bxf5 Rxf5 22.Qd1 Qc5
23.Qd3 Rd8 24.f4 Be8 25.Bf2 Qf8 26.Qc4 Kb8 27.Rf1 Qg8 28.Bxd4 Bh5 29.Bxc3 Rc8
30.Ng3 Nxe5 31.Qb3 Ng4 32.Nxf5 exf5 33.Be5+ Nxe5 34.Qxg8 Nf3+ 35.Rxf3 Rxg8
36.Rg3  1-0

[Event "Open"]
[Site "Figueira da Foz POR"]
[Date "2008.12.06"]
[Round "8"]
[White "Durao,J"]
[Black "Chemeris,R"]
[Result "0-1"]
[WhiteElo "2112"]
[BlackElo "2265"]

1.e4 e6 2.d4 d5 3.Nc3 Bb4 4.e5 Ne7 5.a3 Bxc3+ 6.bxc3 b6 7.Qg4 Ng6 8.h4 h5
9.Qg3 Ba6 10.Ne2 Rh7 11.a4 Bc4 12.Nf4 Nxf4 13.Bxc4 dxc4 14.Bxf4 Qd5 15.a5 b5
16.Qf3 Qxf3 17.gxf3 Nc6 18.Bg5 Kd7 19.Kd2 Rf8 20.a6 Ne7 21.Bxe7 Kxe7 22.Ke3 c6
23.Rhg1 Rb8 24.f4 g6 25.Rgb1 Rhh8 26.Ke4 Rhd8 27.Rb4 Rb6 28.Ke3 Kd7 29.Rbb1 Kc7
30.Ra2 Rd5 31.Raa1 Rb8 32.Rd1 c5 33.dxc5 Rbd8 34.Rd4 Kc6 35.Rad1 Kxc5 36.Ke4 R8d7
37.R1d2 Rxd4+ 38.Rxd4 Rxd4+ 39.cxd4+ Kc6 40.c3 b4 41.Ke3  0-1

[Event "III Open"]
[Site "Palma de Mallorca ESP"]
[Date "2008.12.09"]
[Round "4"]
[White "Dimitrijeski,B"]
[Black "Camarena Gimenez,R"]
[Result "1-0"]
[WhiteElo "2217"]
[BlackElo "2415"]

1.e4 e6 2.d4 d5 3.Nc3 Bb4 4.e5 b6 5.a3 Bf8 6.b4 Ne7 7.Nf3 Nf5 8.Bg5 Be7 9.Bxe7 Qxe7
10.Bd3 c6 11.O-O O-O 12.Re1 Nh4 13.Nxh4 Qxh4 14.Re3 f5 15.exf6 Rxf6 16.g3 Qh6
17.Re5 g6 18.Qe2 c5 19.Nxd5 Rf7 20.b5 Bb7 21.Nf4 Nd7 22.Rxe6 Nf8 23.Re7 Rxe7
24.Qxe7 Qg7 25.Bc4+ Kh8 26.Re1 Rb8 27.Qd6 Rc8 28.d5 Rc7 29.Re8 Rf7 30.Ne6 Qa1+
31.Kg2  1-0

[Event "1st Copa PDV Sur"]
[Site "Buenos Aires ARG"]
[Date "2008.12.10"]
[Round "8"]
[White "Perez Pietronave,C"]
[Black "Cori,J"]
[Result "1-0"]
[WhiteElo "2188"]
[BlackElo "2380"]

1.e4 e6 2.d4 d5 3.Nc3 Bb4 4.e5 Ne7 5.Bd2 Bxc3 6.Bxc3 b6 7.b4 c5 8.Qg4 O-O
9.Nf3 cxb4 10.Bxb4 Ba6 11.h4 Bxf1 12.Kxf1 Nbc6 13.Bd2 Nf5 14.h5 f6 15.h6 g6
16.Re1 Rc8 17.c3 fxe5 18.Nxe5 Nxe5 19.Rxe5 Qf6 20.Kg1 Rce8 21.Rh3 b5 22.Qe2 a6
23.Rf3 Qf7 24.Kh2 Qd7 25.g4 Nd6 26.Rxf8+ Kxf8 27.Qf3+  1-0

[Event "XXI Carlos Torre"]
[Site "Merida MEX"]
[Date "2008.12.16"]
[Round "6"]
[White "Navarro Segura,R"]
[Black "Beltran Medina,J"]
[Result "1-0"]
[WhiteElo "2225"]
[BlackElo "1992"]

1.e4 e6 2.d4 d5 3.Nc3 Bb4 4.e5 b6 5.Qg4 Bf8 6.f4 Ne7 7.Bd3 Qd7 8.Nf3 Ba6
9.Bd2 Bxd3 10.cxd3 Nf5 11.O-O c5 12.dxc5 Bxc5+ 13.Kh1 Nc6 14.Nh4 h5 15.Qh3 Nxh4
16.Qxh4 Nd4 17.Rac1 Nf5 18.Qh3 Rh6 19.Ne2 h4 20.Rc2  1-0

[Event "8th Amplico AIG Life Rapid"]
[Site "Warsaw POL"]
[Date "2008.12.20"]
[Round "3"]
[White "Butkiewicz,L"]
[Black "Berg,E"]
[Result "1/2-1/2"]
[WhiteElo "2328"]
[BlackElo "2623"]

1.e4 e6 2.d4 d5 3.Nc3 Bb4 4.e5 Qd7 5.a3 Bxc3+ 6.bxc3 b6 7.f4 Ba6 8.Bxa6 Nxa6
9.a4 Ne7 10.Nf3 Nb8 11.O-O Nbc6 12.Ba3 Na5 13.Qe2 Nc4 14.Bxe7 Qxe7 15.Nd2 Nxd2
16.Qxd2 O-O 17.f5 exf5 18.Rxf5 c5 19.Raf1 Rac8 20.dxc5 Qxc5+ 21.Kh1 Qxc3
22.Qxd5 Qc6 23.Qb3 Qxc2 24.Qf3 Qc4 25.h3 Rc7 26.Rg5 Rc6 27.Rg4 Qc3 28.Qd5 Qc5
29.Qe4 Re6 30.Rf5 g6 31.Qf4 Qe7 32.Rh5 f5 33.Rxf5 Rxf5 34.Qxf5 Rxe5 35.Qc8+ Qe8
36.Qxe8+ Rxe8 37.Rf4 Re5 38.Kh2 h5 39.Kg3 Kg7 40.Rc4 Kf6 41.Kf3 Rc5 42.Rb4 Kf5
43.g4+ hxg4+ 44.hxg4+ Ke6 45.Kf4 g5+ 46.Ke4 Re5+ 47.Kd4 Kd6 48.Rb5 Rc5 49.Ke4 Rc4+
50.Kf5 Rxa4 51.Kxg5 Kc6 52.Rb1 b5 53.Kf5 Ra2 54.Rg1 Kd5 55.g5 Rf2+ 56.Kg4 a5
57.g6 Rf6 58.Kg5 Rf8 59.g7 Rg8 60.Kf4 a4 61.Ke3 Kc4 62.Kd2 b4 63.Kc2 Kb5
64.Rg4 Rc8+ 65.Kb1 Rg8 66.Kb2 Kc5 67.Ka2 Kb5 68.Kb2 Ka5 69.Ka2 Kb5  1/2-1/2

[Event "8th Amplico AIG Life Rapid"]
[Site "Warsaw POL"]
[Date "2008.12.20"]
[Round "3"]
[White "Macieja,B"]
[Black "Nguyen,P"]
[Result "1-0"]
[WhiteElo "2600"]
[BlackElo "2327"]

1.e4 e6 2.d4 d5 3.Nc3 Bb4 4.e5 Ne7 5.a3 Bxc3+ 6.bxc3 c5 7.Qg4 O-O 8.Bd3 Nbc6
9.Qh5 Ng6 10.Nf3 Qc7 11.Be3 c4 12.Bxg6 fxg6 13.Qg4 Qf7 14.Ng5 Qe8 15.h4 h6
16.Nh3 Bd7 17.Nf4 Kh7 18.h5 g5 19.Ng6 Rf5 20.Qe2 Ne7 21.g4 Rf7 22.f4 gxf4
23.Nxf4 Qf8 24.Ng6 Nxg6 25.hxg6+ Kxg6 26.g5 Kh7 27.Kd2 Rf5 28.a4 Be8 29.gxh6 g6
30.a5 Rb8 31.Rhf1 Qe7 32.Qg2 Bf7 33.Rab1 b5 34.axb6 Rxb6 35.Ra1 Qb7 36.Rxf5 exf5
37.Qg5 Re6 38.Qd8 Qe7 39.Qxe7 Rxe7 40.Bg5 Rb7 41.Ra6 Rc7 42.Rd6 Rb7 43.e6 Be8
44.Rxd5 Bb5 45.Rxb5 Rxb5 46.e7 Rb8 47.d5  1-0

[Event "8th Amplico AIG Life Rapid"]
[Site "Warsaw POL"]
[Date "2008.12.20"]
[Round "5"]
[White "Tomczak,J"]
[Black "Berg,E"]
[Result "1/2-1/2"]
[WhiteElo "2461"]
[BlackElo "2623"]

1.e4 e6 2.d4 d5 3.Nc3 Bb4 4.e5 Qd7 5.h4 h5 6.a3 Bxc3+ 7.bxc3 b6 8.Be2 g6
9.a4 Ba6 10.Bxa6 Nxa6 11.Qd3 Nb8 12.a5 Nc6 13.axb6 cxb6 14.Bg5 Nge7 15.Nf3 Na5
16.Bf6 Rg8 17.O-O Nc4 18.Rfb1 Nf5 19.Nd2 Nxd2 20.Qxd2 Qb7 21.Qd3 Kd7 22.c4 dxc4
23.Qxc4 Rgc8 24.Qa4+ Qc6 25.c4 Qxa4 26.Rxa4 Kc6 27.Rd1 a5 28.d5+ Kd7 29.f3 exd5
30.cxd5 b5 31.Re4 Ra6 32.g4 Rxf6 33.exf6 Nd6 34.Re7+ Kd8 35.gxh5 gxh5 36.Rd2 Rc7
37.Rxc7 Kxc7 38.Kf2 Kb6 39.Rc2 Nc4 40.Ke2 Kc5 41.Kd3 Kxd5 42.f4 a4 43.Rg2 a3
44.Kc3 Ke6 45.Kb3 Kxf6 46.Rg5 Nd6 47.Kxa3 Nf5 48.Rxh5 Nd4 49.Kb4 Ne6 50.Rxb5 Nxf4
51.Kc4 Kg6 52.Rg5+ Kh6 53.Rf5 Ng6 54.h5 Nh4 55.Rxf7 Kxh5 56.Kd4 Kg5 57.Ke4 Ng6
58.Rf5+ Kg4 59.Rf7 Kg5 60.Rf1 Ne7 61.Rg1+  1/2-1/2

[Event "4th Open"]
[Site "Assisi ITA"]
[Date "2008.12.21"]
[Round "6"]
[White "Vocaturo,D"]
[Black "Calandri,F"]
[Result "1-0"]
[WhiteElo "2383"]
[BlackElo "2130"]

1.e4 e6 2.d4 d5 3.Nc3 Bb4 4.e5 Ne7 5.a3 Bxc3+ 6.bxc3 c5 7.h4 Nbc6 8.h5 Qa5
9.Bd2 cxd4 10.cxd4 Qa4 11.Nf3 Nxd4 12.Bd3 Nec6 13.Kf1 Nf5 14.h6 Nxh6 15.Rh4 d4
16.Nxd4 Nxd4 17.Bxh6 gxh6 18.Rxd4 Qxd4 19.Bb5+ Bd7 20.Qxd4 Bxb5+ 21.Kg1 O-O
22.a4 Bc6 23.Ra3 Kh8 24.Qh4 Rg8 25.Qf6+ Rg7 26.Rg3 Rg8 27.a5 a6 28.f3 h5
29.Kh2 h4 30.Rg4 Bd5 31.Kh3 Ba2 32.Kxh4 Bb1 33.Kh5 Bxc2 34.Kh6 Bg6 35.g3  1-0

[Event "TCh-HUN 2008-9"]
[Site "Decs HUN"]
[Date "2008.12.21"]
[Round "4"]
[White "Fusthy,Z"]
[Black "Amstadt,A"]
[Result "1/2-1/2"]
[WhiteElo "2323"]
[BlackElo "2196"]

1.e4 e6 2.d4 d5 3.Nc3 Bb4 4.e5 Ne7 5.a3 Bxc3+ 6.bxc3 c5 7.Qg4 O-O 8.Nf3 c4
9.Be2 Qa5 10.Bd2 f5 11.exf6 Rxf6 12.Ne5 Nbc6 13.f4 Nf5 14.Bf3 Nxe5 15.fxe5 Rf7
16.O-O Bd7 17.Rf2 Ba4 18.Rc1 Raf8 19.Qh3 Bd7 20.Ra1 Qb6 21.Bc1 Ba4 22.Bh5 g6
23.Bf3 Nxd4 24.cxd4 Qxd4 25.c3 Qxe5 26.Bh6 Qxc3 27.Raf1 Re8 28.Qh4 Qf6  1/2-1/2

[Event "Open A"]
[Site "Groningen NED"]
[Date "2008.12.23"]
[Round "3"]
[White "Haast,A"]
[Black "Tan,Mat"]
[Result "1-0"]
[WhiteElo "2054"]
[BlackElo "2321"]

1.e4 e6 2.d4 d5 3.Nc3 Bb4 4.e5 Ne7 5.a3 Bxc3+ 6.bxc3 c5 7.Qg4 O-O 8.Bd3 f5
9.exf6 Rxf6 10.Bg5 Rf7 11.Qh5 g6 12.Qd1 Qa5 13.Qd2 Nbc6 14.Nf3 Nf5 15.Ne5 Nxe5
16.dxe5 Qc7 17.f4 Ng7 18.g4 b6 19.h4 Bb7 20.Rg1 d4 21.c4 Bf3 22.h5 gxh5 23.gxh5 Bxh5
24.Qh2 Qc6 25.Bf6 Bg6 26.Rxg6 hxg6 27.Bxg6  1-0

[Event "1st Asian Clubs"]
[Site "Al Ain UAE"]
[Date "2008.12.26"]
[Round "2"]
[White "El Taher,F"]
[Black "Barsov,A"]
[Result "1-0"]
[WhiteElo "2481"]
[BlackElo "2513"]

1.e4 e6 2.d4 d5 3.Nc3 Bb4 4.e5 Ne7 5.a3 Bxc3+ 6.bxc3 b6 7.Qg4 Ng6 8.h4 h5
9.Qg3 Ba6 10.Bxa6 Nxa6 11.Ne2 Qd7 12.a4 O-O-O 13.Qd3 Kb7 14.Bg5 Rc8 15.a5 b5
16.Rb1 c6 17.Ng3 Nf8 18.c4 Ka8 19.cxb5 cxb5 20.Rxb5 Rc4 21.Rb2 Nb4 22.Qb3 Nh7
23.O-O Nxg5 24.hxg5 Qc7 25.Rfb1 Nxc2 26.a6 Nxd4 27.Qe3 h4 28.Nf1 h3 29.gxh3 Qxe5
30.Nd2 Qf5 31.Nxc4 Nf3+ 32.Kf1 dxc4 33.Rb5 Qxh3+ 34.Ke2  1-0

[Event "Christmas Master Open"]
[Site "Zurich SUI"]
[Date "2008.12.26"]
[Round "1"]
[White "Prill,D"]
[Black "Bigg,A"]
[Result "0-1"]
[WhiteElo "2070"]
[BlackElo "2266"]

1.e4 e6 2.d4 d5 3.Nc3 Bb4 4.e5 Ne7 5.Bd2 c5 6.Nb5 Bxd2+ 7.Qxd2 O-O 8.f4 cxd4
9.Nf3 Nbc6 10.Bd3 f6 11.O-O-O a6 12.Nd6 fxe5 13.fxe5 Nxe5 14.Bxh7+ Kxh7 15.Ng5+ Kg8
16.Qe2 Nf5 17.Qh5 Nh6 18.Nxc8 Qxc8 19.Rhe1 Rf2 20.Re2 Rxe2 21.Qxe2 d3 22.Rxd3 Nxd3+
23.Qxd3 Nf7 24.Qh7+ Kf8  0-1

[Event "World Open"]
[Site "Leon ESP"]
[Date "2008.12.27"]
[Round "7"]
[White "Shirov,A"]
[Black "Jussupow,Ar"]
[Result "1/2-1/2"]
[WhiteElo "2726"]
[BlackElo "2570"]

1.e4 e6 2.d4 d5 3.Nc3 Bb4 4.e5 Ne7 5.a3 Bxc3+ 6.bxc3 c5 7.Qg4 O-O 8.Bd3 Nbc6
9.Qh5 Ng6 10.Nf3 Qc7 11.Bd2 c4 12.Bxg6 fxg6 13.Qg4 Qf7 14.h4 Qf5 15.Qxf5 Rxf5
16.Ng5 h6 17.g4 Rf8 18.Nh3 Bd7 19.h5 Ne7 20.g5 Rf5 21.gxh6 Rxh5 22.Bg5 Nf5
23.hxg7 Nxg7 24.Kd2 Rf8 25.Be3 Be8 26.Rag1 Rff5 27.Nf4 Rxh1 28.Rxh1 Bf7 29.a4 Nh5
30.Nh3 Be8 31.Ng5 Bd7 32.a5  1/2-1/2

[Event "Open A"]
[Site "Groningen NED"]
[Date "2008.12.28"]
[Round "7"]
[White "Nijboer,F"]
[Black "Burg,T"]
[Result "1-0"]
[WhiteElo "2540"]
[BlackElo "2382"]

1.e4 e6 2.d4 d5 3.Nc3 Bb4 4.e5 Ne7 5.a3 Bxc3+ 6.bxc3 c5 7.a4 Qc7 8.Nf3 b6
9.Bb5+ Bd7 10.Bd3 Nbc6 11.O-O h6 12.Re1 Na5 13.Qd2 Bc6 14.h4 c4 15.Bf1 Qd7
16.h5 Bxa4 17.Ba3 Nac6 18.Ra2 O-O-O 19.Rb1 b5 20.Qc1 Na5 21.g3 Nec6 22.Bg2 Nb7
23.Qf4 Rdg8 24.Nh2 Qc7 25.Ng4 Rd8 26.Ne3 Rd7 27.Qg4 g6 28.hxg6 Nxe5 29.dxe5 Qxe5
30.gxf7 Rxf7 31.Bxd5 Nd8 32.Bg2 h5 33.Qd4 Qc7 34.Qxh8  1-0

[Event "17th Donau Open"]
[Site "Aschach AUT"]
[Date "2008.12.31"]
[Round "7"]
[White "Poetz,F"]
[Black "Hertneck,G"]
[Result "0-1"]
[WhiteElo "2255"]
[BlackElo "2519"]

1.e4 e6 2.d4 d5 3.Nc3 Bb4 4.e5 b6 5.a3 Bf8 6.Bb5+ Bd7 7.Bxd7+ Qxd7 8.Nce2 c5
9.c3 Nc6 10.b4 cxd4 11.cxd4 b5 12.Nf3 Nge7 13.O-O Nc8 14.Qd3 Nb6 15.Nd2 Nc4
16.f4 f5 17.exf6 gxf6 18.Nb3 O-O-O 19.Bd2 Rg8 20.a4 bxa4 21.Nc5 Bxc5 22.dxc5 e5
23.b5 e4 24.Qc3 N6a5 25.Nd4 Nb3 26.Rxa4 Nbxd2 27.Rfa1 Nf3+ 28.Nxf3 exf3 29.Rxa7 Rxg2+
30.Kf1 Ne3+  0-1

[Event "38th Rilton Cup 2008-9"]
[Site "Stockholm SWE"]
[Date "2009.01.02"]
[Round "6"]
[White "Forsberg,V"]
[Black "Kockum,A"]
[Result "1-0"]
[WhiteElo "2210"]
[BlackElo "2252"]

1.e4 e6 2.d4 d5 3.Nc3 Bb4 4.e5 Qd7 5.Qg4 f5 6.Qh5+ g6 7.Qf3 b6 8.h4 h6 9.Nh3 Ba6
10.Bxa6 Nxa6 11.Bd2 O-O-O 12.Nf4 Ne7 13.a4 Bxc3 14.Qxc3 Kb7 15.b4 c6 16.Qa3 Nc7
17.Nd3 Nc8 18.b5 cxb5 19.a5 g5 20.axb6 axb6 21.Nb4 g4 22.O-O f4 23.Bxf4 Rdf8
24.Bg3 Rf5 25.Ra2 Rhf8 26.Rfa1 Qf7 27.Qc3 Qd7 28.Ra3 h5 29.R1a2 R5f7 30.Qa1 Rf5
31.Rc3 Qf7 32.Qe1 Qe7 33.Rca3 Qf7 34.Ra1 Qe7 35.Qd2 Qf7 36.Qe2 Qd7 37.c3 Qg7
38.Kh2 Qf7 39.Kg1 Qg7 40.Qd2 Qf7 41.Qa2 Qg6 42.Ra8 Rxf2 43.Qa7+  1-0

[Event "14th Open"]
[Site "Bosnjaci CRO"]
[Date "2009.01.03"]
[Round "1"]
[White "Zivkovic,Ni"]
[Black "Golubicic,Luka"]
[Result "1-0"]
[WhiteElo "2193"]
[BlackElo "1576"]

1.e4 e6 2.d4 d5 3.Nc3 Bb4 4.e5 Ne7 5.a3 Ba5 6.b4 Bb6 7.Nf3 h6 8.Bd3 a6 9.O-O Bd7
10.Bb2 Nbc6 11.Ne2 Ba7 12.Nd2 b5 13.Nb3 O-O 14.Nf4 Nc8 15.c3 Nb6 16.Bc1 Na4
17.Nh5 Kh8 18.Bxh6 gxh6 19.Nf6 Kg7 20.Qg4+ Kh8 21.Qf4 Kg7 22.Nh5+  1-0

[Event "Masters"]
[Site "Hastings ENG"]
[Date "2009.01.03"]
[Round "7"]
[White "Bernard,Ja"]
[Black "Cannon,Ra"]
[Result "1/2-1/2"]
[WhiteElo "2257"]
[BlackElo "2041"]

1.e4 e6 2.d4 d5 3.Nc3 Bb4 4.e5 Qd7 5.Bd2 b6 6.Bb5 c6 7.Ba4 Ba6 8.h4 h5 9.a3 Bxc3
10.Bxc3 Ne7 11.Bd2 Bb5 12.Bxb5 cxb5 13.g4 Nbc6 14.Bg5 hxg4 15.Bxe7 Qxe7 16.Qxg4 O-O-O
17.Ne2 Rh7 18.O-O-O Kb7 19.Rd3 g6 20.h5 Rdh8 21.Rdh3 gxh5 22.Rxh5 Rxh5 23.Rxh5 Rc8
24.Qg5 Qc7 25.Qd2 b4 26.Rh3 bxa3 27.Rxa3 Nb4 28.Nc3 Qc4 29.Qf4 Rc7 30.Qe3 Nc6
31.Ne2 Nb4 32.Nc3 Nc6 33.Ne2 Nb4  1/2-1/2